000 00294nam a22001337a 4500
008 170907b xxu||||| |||| 00| 0 eng d
020 _a9780026679589
041 _aeng
080 _212TH
_a72
100 _a41
101 _aARK
245 _aMECHANICAL DRAWING
_cFRENCH,TH.E
942 _2udc
_cBK
999 _c26560
_d26560